Один год: Роман

Dades bibliogràfiques
Autor principal: Герман Ю. П. Юрий Павлович
Altres autors: Кочергин Н. М. (иллюстратор)
Sumari:Исключено из фонда НТБ ТПУ
Idioma:rus
Publicat: Грозный, Чечено-Ингушское книжное изд-во, 1987
Format: Llibre
KOHA link:https://koha.lib.tpu.ru/cgi-bin/koha/opac-detail.pl?biblionumber=135256

MARC

LEADER 00000nam0a2200000 4500
001 135256
005 20231101220535.0
020 |a RU  |b 87-92225 
035 |a (RuTPU)RU\TPU\book\146590 
090 |a 135256 
100 |a 20080408d1987 m y0rusy5003 ca 
101 0 |a rus 
102 |a RU 
105 |a a z 000ay 
200 1 |a Один год  |e Роман  |f Ю. П. Герман  |g худож. Н. М. Кочергин 
210 |a Грозный  |c Чечено-Ингушское книжное изд-во  |d 1987 
215 |a 496 с.  |c ил. 
333 |a Исключено из фонда НТБ ТПУ 
700 1 |a Герман  |b Ю. П.  |c русский писатель  |f 1910-1967  |g Юрий Павлович  |9 5347 
702 1 |a Кочергин  |b Н. М.  |4 440 
801 0 |a RU  |b RuMRKP  |c 19950417  |g psbo 
801 1 |a RU  |b 63413507  |c 20080408  |g PSBO 
801 2 |a RU  |b 63413507  |c 20220602  |g PSBO 
942 |c BK